|
|
|
|
| LEADER |
00000nab a2200000 a 4500 |
| 001 |
vtls008953280 |
| 003 |
SK-MaSNL |
| 005 |
20260303070251.0 |
| 008 |
140328c2007 xo qr|p|||||||000 b|slo |
| 015 |
|
|
|a SNBRB2007/03
|
| 038 |
|
|
|a SNKBUCL
|
| 040 |
|
|
|a SNKBUCL
|b slo
|e AACR2
|c SNKBUCL
|
| 041 |
0 |
|
|a slo
|
| 044 |
|
|
|a xo
|c SK
|
| 080 |
|
|
|a 264-941.61
|2 1997
|
| 100 |
1 |
|
|a Gazdík, Miloš
|4 aut
|9 1067473
|
| 245 |
1 |
0 |
|a Veľkonočná nedeľa Pánovho zmŕtvychvstania - Veľkonočná vigília: "C"
|c Miloš Gazdík
|
| 650 |
0 |
7 |
|a Veľká noc
|2 snkbucl
|9 3414
|
| 650 |
0 |
7 |
|a Veľkonočná nedeľa
|2 snkbucl
|9 1035453
|
| 650 |
0 |
7 |
|a zmŕtvychvstanie Ježiša Krista
|2 snkbucl
|9 75916
|
| 773 |
0 |
|
|t Duchovný pastier
|g Roč. LXXXVIII, č. 2 (2007), s. 102-104
|x 0139-861X
|
| 852 |
|
|
|a SNK
|b KIS3GCP
|
| 958 |
|
|
|a SK
|
| 958 |
|
|
|a NT
|
| 999 |
|
|
|c 1754620
|d 1756550
|